MARC

Tag First Indicator Second Indicator Subfields
LEADER 00000cas a2200000 4500
001 in00001045621
005 20150929091745.0
008 800610c19uu9999txuuu s0uuu 0eng d
035 |a (OCoLC)06404167 
035 |9 AFL8437AM 
037 |b 1100 W. 49th St., Austin, Texas, 78756 
040 |a IKM  |c IKM  |d UtOrBLW 
043 |a n-us-tx 
049 |a IKMd 
099 |a H720.8  |a M317vet 
245 0 0 |a Texas health manpower report: veterinarians. 
264 1 |a Austin, Tex. :  |b Data Collection and Analysis Division, Bureau of State Health Planning and Resource Development, Texas Dept. of Health. 
300 |b map ;  |c 28 cm. 
336 |a text  |b txt  |2 rdacontent 
337 |a unmediated  |b n  |2 rdamedia 
338 |a volume  |b nc  |2 rdacarrier 
500 |a Title varies slightly. 
500 |a Compiled by Data Collection and Analysis Division, Bureau of State Health Planning and Resource Development, Texas Dept. of Health. 
650 0 |a Veterinarians  |z Texas  |x Statistics. 
710 1 |a Texas.  |b Bureau of State Health Planning & Resource Development.  |b Division of Data Collection and Analysis. 
936 |a 1978 
999 |a MARS 
999 f f |s f08acfb0-3c54-30f7-9ab6-af0e71bc6c8f  |i cdfd56c0-403a-3c1b-8b16-caa944989c0e  |t 0 
952 f f |p normal  |a Texas A&M University  |b College Station  |c Sterling C. Evans Library  |d Evans: Texas Documents (Annex 5th floor)  |t 0  |e H720.8 M317vet  |h Superintendent of Documents classification  |i unmediated -- volume  |k 1978  |m A14839381383 
998 f f |a H720.8 M317vet  |t 0  |l Evans: Texas Documents (Annex 5th floor)